| 000 | 00880nam a2200253 a 4500 | ||
|---|---|---|---|
| 001 | 13210 | ||
| 003 | BD-RjUL | ||
| 005 | 20211208235424.0 | ||
| 008 | 951208s1995 ii ab b 001 0beng | ||
| 020 | _a0195634993 | ||
| 035 | _a(BD-RjUL)13261 | ||
| 040 |
_aDLC _cDLC _dNjR _dBD-RjUL _beng |
||
| 041 | _aeng | ||
| 082 |
_223 _a954.043092 _bSRL 1995 |
||
| 100 | 1 |
_aSrivastava, C. P. _9164012 |
|
| 245 | 1 | 0 |
_aLal Bahadur Shastri, prime minister of India, 9 June 1964-11 January 1966 : _ba life of truth in politics / _cC.P. Srivastava. |
| 260 |
_aDelhi ; _aNew York : _bOxford University Press, _c1995. |
||
| 300 |
_axv, 448 p. : _bill. ; _c24 cm. |
||
| 504 | _aIncludes index and bibliography | ||
| 600 | 1 | 0 |
_aShastri, Lal Bahadur, _d1904-1966. _9188788 |
| 650 | 0 |
_aPrime ministers _zIndia _vBiography. _9164014 |
|
| 651 | 0 |
_aIndia _xPolitics and government _9164015 |
|
| 942 |
_2ddc _cBK |
||
| 999 |
_c13210 _d13210 |
||